Přehled základů teoretické fyziky (s aplikací na radiologii) : publikace je výsledkem grantového projektu nadace Avenira ... vycházejí ze Smidakových principů

Bibliographic Details
Main Author: Záškodný, Přemysl (Author)
Format: Book
Language:Czech
PhysicalDescription:264 s. grafy, sch., tab. 24 cm
Published: Bratislava Didaktis 2005
ISBN:8089160255
Edition:1. vyd.
Subjects:

MARC

LEADER 00000nam a2200000 a 4500
001 vtls008157889
003 SK-MaSNL
005 20260302074023.0
008 240314s2005 xo dl f 000 0 cze
015 |a SNBA2005/09-03332 
020 |a 8089160255  |q (brož.) 
035 |a 0082DE4E-F72C-4E8A-B6C5-583767821B3B 
035 |a urn:nbn:sk:snk-amldjk 
035 |a urn:nbn:sk:snk-am00903e 
040 |a SNK  |b slo  |c SNK  |e AACR2 
041 1 |a cze 
044 |a xo  |c SK 
072 7 |a 53  |x Fyzika  |2 konspekt 
080 |a 51-7:53  |2 MDT-MRF 
080 |a 615.849  |2 MDT-MRF 
080 |a (048.8)  |2 MDT-MRF 
080 |a 530.1  |2 MDT-MRF 
100 1 |a Záškodný, Přemysl  |4 aut  |9 459539 
245 1 0 |a Přehled základů teoretické fyziky  |b (s aplikací na radiologii) : publikace je výsledkem grantového projektu nadace Avenira ... vycházejí ze Smidakových principů  |c Přemysl Záškodný 
250 |a 1. vyd. 
260 |a Bratislava  |b Didaktis  |c 2005 
300 |a 264 s.  |b grafy, sch., tab.  |c 24 cm 
500 |a Úvod angl. 
504 |a Bibliogr. s. 260-262. Index. Zozn. skrat. a označení 
650 0 7 |a teoretická fyzika  |2 SNKPH  |9 67298 
650 0 7 |a matematická fyzika  |2 SNKPH  |9 63330 
650 0 7 |a rádiológia  |2 SNKPH  |9 2579 
655 7 |a monografie  |2 SNKPH  |9 70139 
919 |a 80-89160-25-5 
958 |a OND 
968 |d 53+54 
999 |c 1163280  |d 1165210 
952 |a SNK  |b SNK  |y PREZ  |7 0  |p 17A0471873  |o snkSC 120208  |i snk2005/9417  |8 0  |0 0  |1 0  |4 0  |d 2005-06-02  |f 1  |l 0  |r 2025-05-29 00:00:00  |w 2026-02-24 
952 |a SNK  |b SNK  |y VYP  |7 0  |p 17A0471872  |o snkSC 120208 D1  |i snk2005/9418  |8 0  |0 0  |1 0  |4 0  |d 2005-06-02  |l 0  |r 2026-02-24 20:40:01  |w 2026-02-24